|
|
|
|
| LEADER |
01006naa#a2200325#ar4500 |
| 001 |
000092621 |
| 003 |
SVKKK |
| 005 |
20081119095700.0 |
| 008 |
081119s1996 xo #|0||||||||0|||b|slo |
| FMT |
|
|
|
| 015 |
|
|
|a SNBRA2008/11
|
| 038 |
|
|
|a SVKKK
|
| 040 |
|
|
|a SVKKK
|b slo
|e AACR2
|
| 041 |
0 |
|
|a slo
|
| 044 |
|
|
|a xo
|c SK
|
| 080 |
|
|
|a 621
|x (437.6)
|2 1997
|
| 080 |
|
|
|a 629
|2 1997
|
| 080 |
|
|
|a 338.45
|2 1997
|
| 100 |
1 |
|
|a Uhrík, Jozef
|4 aut
|
| 245 |
1 |
0 |
|a Hlavné problémy strojárenstva Slovenskej republiky v súčasnosti (tézy vystúpenia)
|c Jozef Uhrík
|
| 300 |
|
|
|b Obr., tab.
|
| 650 |
0 |
4 |
|a strojárenstvo
|x riešenie problémov
|x strategické ciele
|x automobilový priemysel
|z Slovensko
|
| 773 |
0 |
|
|t Stratégia riadenia podnikov v trhovom hospodárstve : zborník z celoštátnej konferencie
|d Prešov : NEZES - Nezávislé združenie ekonómov Slovenska, 1996
|g S. 131-143
|z 8085668408
|
| 958 |
|
|
|a SK
|
| 974 |
|
|
|a Ma
|
| 992 |
|
|
|a RZB
|
| BAS |
|
|
|
| 852 |
|
|
|a SVKKK
|b BIB
|
| EXP |
|
|
|
| 998 |
|
|
|a SLO
|